| 000 | 00424nam a2200157 i 4500 | ||
|---|---|---|---|
| 001 | 67936 | ||
| 003 | ES-MaACL | ||
| 005 | 20230906170156.0 | ||
| 007 | t| | ||
| 008 | 040216s1973 sp ||||1| spa d | ||
| 100 | 1 |
_aGallois, Pierre M. _953644 |
|
| 245 | 1 | 0 |
_aParadojas de la paz / _cPierre M. Gallois. |
| 260 |
_a[Madrid : _bEditora Nacional, _c1973] |
||
| 300 |
_a312 p. ; _c21 cm. |
||
| 852 |
_aES-MaACL _jC-52079 _bR.85238 |
||
| 999 |
_c67936 _d67936 |
||